000 00285nam a22001337a 4500
008 170527b xxu||||| |||| 00| 0 eng d
020 _a0471847933
041 _aeng
080 _a621.3
100 _a27
101 _aIM
245 _aPRODUCTION SYSTEM
_cRIGGS, J.L
942 _2udc
_cBK
999 _c14687
_d14687